Loading...
| Science - Chemistry | 0 | 4 | 0 | 2 | 40 | 62 | 89.75 | 0 | 2 | 7.48 | 18.39 |
| Science - Physics | 0 | 3 | 2 | 0 | 20 | 57 | 76.67 | 0 | 1 | 8.62 | 11.25 |
| Literature - British | 0 | 2 | 0 | 0 | 20 | 42 | 53.50 | 0 | 1 | 7.44 | 8.33 |
| Science - Other | 0 | 2 | 0 | 1 | 20 | 53 | 81.50 | 1 | 1 | 4.85 | 11.25 |
| History - European | 0 | 2 | 0 | 0 | 20 | 44 | 65.50 | 1 | 1 | 4.37 | 7.52 |
| History - Other | 0 | 2 | 0 | 1 | 20 | 95 | 98.50 | 1 | 1 | 1.36 | 6.25 |
| Literature - European | 0 | 1 | 0 | 0 | 10 | 118 | 118.00 | 0 | 0 | 0.48 | 2.50 |
| Fine Arts - Other | 0 | 1 | 0 | 1 | 10 | 94 | 94.00 | 0 | 1 | 0.51 | 6.25 |
| Geography | 0 | 1 | 0 | 1 | 10 | 102 | 102.00 | 0 | 0 | 1.79 | 2.50 |
| History - World | 0 | 1 | 0 | 1 | 10 | 104 | 104.00 | 0 | 0 | 0.46 | 4.29 |
| Popular Culture | 0 | 1 | 0 | 0 | 10 | 7 | 7.00 | 1 | 1 | 18.73 | 20.00 |
| Fine Arts - Classical Music | 0 | 1 | 1 | 0 | 5 | 101 | 101.00 | 0 | 0 | 0.98 | 1.25 |
| Science - Biology | 0 | 1 | 2 | 0 | 0 | 73 | 73.00 | 0 | 0 | 3.60 | 5.00 |
| Mythology | 0 | 1 | 2 | 0 | 0 | 73 | 73.00 | 1 | 1 | 3.97 | 10.00 |
| Fine Arts - Painting and Sculpture | 0 | 0 | 1 | 0 | -5 | 0.00 | 0 | 0 | 0.00 | 0.00 | |
| Literature - World | 0 | 0 | 1 | 0 | -5 | 0.00 | 0 | 0 | 0.00 | 0.00 |